| 000 | 00704nam a22002417a 4500 | ||
|---|---|---|---|
| 999 |
_c5263 _d5263 |
||
| 001 | 15113 | ||
| 003 | BD-DhUAP | ||
| 005 | 20201206121518.0 | ||
| 008 | 201206r20062000nyu||||| |||| 00| 0 eng d | ||
| 020 | _a0471489352 | ||
| 020 | _a0471988073 | ||
| 040 |
_aBD-DhUAP _bEng _cBD-DhUAP _dBD-DhUAP |
||
| 082 |
_223 _a615.19 THO |
||
| 100 | _aThomas, Gareth. | ||
| 245 |
_aMedicinal chemistry : _ban introduction / _cGareth Thomas. |
||
| 260 |
_aChichester : _bJohn Wiley, _cc2000 [Reprinted 2006]. |
||
| 300 |
_axx, 539 pages : _billustrations ; _c24 cm. |
||
| 500 | _aIncludes index. | ||
| 650 | _aPharmaceutical chemistry. | ||
| 650 | _aPharmacokinetics. | ||
| 650 |
_aDrugs _vDesign. |
||
| 942 |
_2ddc _cBK |
||